| 000 | 00795nam a2200205 a 4500 | ||
|---|---|---|---|
| 003 | 0 | ||
| 005 | 20250618131445.0 | ||
| 008 | 021120s19uu xx 00 eng d | ||
| 050 |
_aPGS LB 2806.36 _b.B523 2000 |
||
| 100 | _aBernardo, Jan Carlo L. | ||
| 245 |
_aImplementation of the five-s program among grade 6 students of Southville International School / _cJan Carlo L. Bernardo. |
||
| 260 |
_aLas PiƱas City, Philippines : _bSouthville International School and Colleges, _c2000. |
||
| 300 |
_a40 pages : _bcolored illustrations ; _c28 cm. |
||
| 504 | _aIncludes bibliographical references. | ||
| 650 | _a5S in schools. | ||
| 650 | _aSchool environment. | ||
| 650 | _aTotal quality management in education. | ||
| 650 |
_aOrganizational behavior _vStudy and teaching. |
||
| 942 |
_2lcc _cPASS |
||
| 999 |
_c96291 _d96291 |
||